000
00249nam a2200109Ia 4500
008
240625s9999 xx 000 0 und d
041
_a
eng
082
_a
658.8 ELL
100
_a
ELLIS NICK
245
_a
BUSINESS TO BUSINESS MARKETING
260
_c
2015
999
_c
38693
_d
38693